Statistics for March 9th: Birthdays

Click here to take the quiz!

General Stats

  • This quiz has been taken 7 times
  • The average score is 3 of 10

Answer Stats

YearClueAnswer% Correct
1454America is named after himAmerigo Vespucci
100%
1934First man in spaceYuri Gagarin
80%
1943American Chess GrandmasterBobby Fischer
60%
1824Founder of Stanford UniversityLeland Stanford
40%
18913rd Phillipines presidentJose P. Laurel
20%
1930Jazz saxophonist and composerOrnette Coleman
20%
1890Former Soviet Minister of Foreign AffairsVyacheslav Molotov
20%
1749Member of the National Constituent AssemblyComte de Mirabeau
0%
1900Italian King of CroatiaPrince Aimone, Duke of Aosta
0%
1910American ComposerSamuel Barber
0%

Score Distribution

Percentile by Number Answered

Percent of People with Each Score

Your Score History

You have not taken this quiz